Statistiken für Bundesstaaten der USA Quiz

Klicken Sie hier um das Quiz zu spielen!

Allgemein

  • Dieses Quiz wurde 519.670 mal gespielt
  • Das Durchschnittsergebnis liegt bei 32 aus 50

Antworten auf der Karte

Die Antworten werden auf der Karte rot bzw. grün angezeigt, abhängig davon wie oft sie richtig erraten wurden.
 

Antwortstatistiken

Bundesstaaten% Korrekt
Texas
94%
New York
93%
Florida
91%
Washington
90%
Alaska
88%
Kalifornien
88%
Hawaii
83%
Alabama
77%
Nevada
75%
North Dakota
75%
New Mexico
74%
South Dakota
74%
North Carolina
73%
South Carolina
73%
Arizona
70%
Ohio
70%
Mississippi
68%
Utah
63%
Virginia
63%
Idaho
62%
Kansas
62%
New Jersey
62%
Arkansas
61%
Colorado
61%
Georgia
61%
Maine
61%
Michigan
61%
Kentucky
59%
Oregon
59%
West Virginia
59%
Illinois
58%
Wyoming
57%
Montana
56%
Nebraska
56%
Indiana
55%
Oklahoma
55%
Tennessee
55%
Louisiana
54%
Pennsylvania
54%
Iowa
52%
Minnesota
51%
Missouri
51%
Wisconsin
51%
New Hampshire
50%
Maryland
49%
Massachusetts
49%
Rhode Island
49%
Vermont
48%
Delaware
47%
Connecticut
45%

Verteilung der Resultate

Perzentil nach korrekt beantworteten Fragen

Anzahl Personen mit jedem Resultat

Ihre Resultats-Entwicklung

Sie haben dieses Quiz noch nicht gespielt